| 000 | 00471nam a22001937a 4500 | ||
|---|---|---|---|
| 003 | OSt | ||
| 005 | 20140310183017.0 | ||
| 008 | 130212t xxu||||| |||| 00| 0 eng d | ||
| 020 | _a971233886 | ||
| 050 |
_aQA 76.5 _b.L579 2004 |
||
| 100 | _aLeon, Alexis. | ||
| 245 |
_aIntroduction to computers / _cLeon, Mathews |
||
| 260 |
_aManila : _bRex, _c2004. |
||
| 300 |
_a444 p. _bill. ; _c25 cm. |
||
| 521 | _aIT | ||
| 562 | _e1 | ||
| 942 |
_2lcc _cBK _kLOC |
||
| 999 |
_c18325 _d18325 |
||